000 00514nam a22001337a 4500
008 140113b xxu||||| |||| 00| 0 eng d
050 _aD786.A5 1943
100 _aGreat Britain. War Office
_96542
245 _aCoastal command
_bThe Air Ministry account of the part played by Coastal Command in the battle of the seas 1939-1942
260 _aLondon
_bHis Majesty's Stationaryt Office
_c1943
300 _a144p.
_c23cm
650 _aGreat Britain. Royal Air Force - Aerial operations
_96543
942 _2lcc
_cMONOGRAPH
999 _c119529
_d119529